[Event "Las Palmas"]
[Site "Las Palmas"]
[Date "1972.??.??"]
[Round "12"]
[White "Menvielle Lacourrelle, Augusto"]
[Black "Andersson, Ulf"]
[Result "1/2-1/2"]
[WhiteElo "2365"]
[BlackElo "2535"]

1.e4 e6 2.d4 d5 3.e5 b6 4.c3 Qd7 5.a4 a5 6.f4 h5 7.Bb5 c6 8.Be2 g6 9.Be3 Nh6
10.Nd2 Be7 11.Ndf3 Ba6 12.Bf2 Nf5 13.Bd3 Bxd3 14.Qxd3 c5 15.Ne2 Nc6 16.O-O Rb8
17.g3 c4 18.Qc2 b5 19.b3 cxb3 20.Qxb3 b4 21.h3 bxc3 22.Qxc3 Nb4 23.Qd2 Rc8
24.Rfc1 Rxc1+ 25.Nxc1 O-O 26.g4 Ng7 27.Nb3 Rc8 28.Nc5 Qc6 29.Ne1 Rb8 30.Nb3 Bd8
31.Nc1 Qc4 32.Ne2 Qb3 33.Qc3 Qxc3 34.Nxc3 Rc8 35.Rc1 g5 36.Be3 hxg4 37.hxg4 f5
38.exf6 gxf4 39.Bxf4 Bxf6 40.Nb5 Rc4 41.Nf3 Rxc1+ 42.Bxc1 Ne8 43.Bd2 Nc6
44.Bc3 Bd8 45.Ne5 Nxe5 46.dxe5 Bb6+ 47.Bd4 Bxd4+ 48.Nxd4 Nc7 49.Kg2 Kf7 50.Nb3 Na8
51.Kf3 Nb6 52.Nc5 Nc4 53.Kf4 Nb2 54.Ke3 Nc4+ 55.Kd4 Nd2 56.Nd3 Ne4 57.Nf4 Ke7
58.Nd3 Kf7 59.g5 Nxg5 60.Kc5 Ke7 61.Kb6 Kd8 62.Kxa5 Kc7 63.Kb5 Nf3 64.Kc5  1/2-1/2

[Event "Las Palmas"]
[Site "Las Palmas"]
[Date "1972.??.??"]
[Round "13"]
[White "Andersson, Ulf"]
[Black "Valcarcel, J."]
[Result "1-0"]
[WhiteElo "2535"]
[BlackElo "2200"]

1.Nf3 d5 2.b3 Nf6 3.Bb2 Bf5 4.g3 e6 5.Bg2 Nbd7 6.O-O Bd6 7.c4 O-O 8.Nc3 c6
9.d3 Qe7 10.a3 a5 11.Re1 e5 12.cxd5 Nxd5 13.Qc2 Nxc3 14.Qxc3 f6 15.h3 Be6
16.Nd2 a4 17.b4 Nb6 18.Ne4 Bb8 19.Nc5 Bc8 20.Qc2 f5 21.e3 Kh8 22.f4 Bd6 23.Rac1 Re8
24.Qf2 Nd7 25.e4 Nxc5 26.bxc5 Bc7 27.Bxe5 Bxe5 28.fxe5 fxe4 29.Rxe4 Be6 30.Rf4 Qd7
31.d4 Rad8 32.h4 Kg8 33.Qe3 Re7 34.Kh2 Qe8 35.Rcf1 Qd7 36.Be4 Bd5 37.Bc2 Ra8
38.Qd3 g6 39.g4 Rg7 40.Qe3 Re7 41.Kg3 Qc7 42.Rf6 b5 43.cxb6 Qxb6 44.h5 gxh5
45.Qh6 Qd8 46.R1f5 Rg7 47.Rg5  1-0

[Event "Skopje ol (Men) prel"]
[Site "Skopje"]
[Date "1972.??.??"]
[Round "3"]
[White "Andersson, Ulf"]
[Black "Suttles, Duncan"]
[Result "1/2-1/2"]
[WhiteElo "2535"]
[BlackElo "2470"]

1.d4 g6 2.e4 Bg7 3.Nf3 d6 4.Be2 Nd7 5.O-O e5 6.c3 Ngf6 7.Nbd2 O-O 8.Re1 a5
9.a4 b6 10.Qc2 Bb7 11.Bf1 h6 12.b3 Re8 13.Ba3 Qb8 14.Bb5 Qa7 15.d5 Re7 16.b4 Rf8
17.c4 axb4 18.Bxb4 Nc5 19.a5 Ra8 20.Reb1 Kh7 21.Bxc5 dxc5 22.Ra4 bxa5 23.Nb3 Qb6
24.Nfd2 h5 25.Qa2 Bh6 26.Nxa5 Bxd2 27.Qxd2 Nxe4 28.Qe1 Nd6 29.Nxb7 Qxb7 30.Bc6 Qxc6
31.dxc6 Rxa4 32.h3 Rxc4 33.Qa5 Rb4 34.Rd1 Rd4 35.Re1 c4 36.Rb1 Rd3 37.Kh2 c3
38.Rc1 e4 39.Rxc3 Rxc3 40.Qxc3 f5 41.g3 Rf7 42.Qe5 Rg7 43.Kg2 Rg8 44.Qe6 Rf8
45.Kf1 f4 46.gxf4 Rxf4 47.Ke2 Rf7 48.Kf1  1/2-1/2

[Event "Skopje ol (Men) fin-A"]
[Site "Skopje"]
[Date "1972.??.??"]
[Round "3"]
[White "Andersson, Ulf"]
[Black "Garcia, Raimundo"]
[Result "0-1"]
[WhiteElo "2535"]
[BlackElo "2420"]

1.Nf3 g6 2.e4 c5 3.d4 cxd4 4.Nxd4 Nf6 5.Nc3 d6 6.f4 Nbd7 7.Nf3 Qc7 8.Bd3 Bg7
9.O-O O-O 10.Qe1 a6 11.Kh1 b5 12.e5 dxe5 13.fxe5 Ng4 14.e6 Nc5 15.Qh4 Nxd3
16.cxd3 Bxe6 17.Ng5 h5 18.Nxe6 fxe6 19.Bg5 Rxf1+ 20.Rxf1 Rf8 21.Rxf8+ Kxf8
22.Ne4 Bxb2 23.Bd2 Bf6 24.Qh3 Qe5 25.Qg3 Qxg3 26.Nxg3 Nf2+ 27.Kg1 Nxd3 28.Kf1 Kf7
29.Ne4 e5 30.g3 Nb2 31.Nc5 Nc4 32.Bc1 a5 33.Ke2 Nd6 34.Bd2 b4 35.Kd3 e4+
36.Nxe4 Nxe4 37.Kxe4 Ke6  0-1

[Event "Skopje ol (Men) prel"]
[Site "Skopje"]
[Date "1972.??.??"]
[Round "6"]
[White "Tan Lian Ann"]
[Black "Andersson, Ulf"]
[Result "1/2-1/2"]
[WhiteElo "2340"]
[BlackElo "2535"]

1.e4 g6 2.d4 Bg7 3.Nf3 d6 4.c3 Nf6 5.Bd3 O-O 6.O-O c5 7.h3 Nc6 8.Be3 cxd4
9.Nxd4 e5 10.Nxc6 bxc6 11.c4 Nh5 12.Nd2 Nf4 13.Bxf4 exf4 14.Rb1 Rb8 15.b4 Be6
16.Qc2 Rb7 17.Rfd1 Qc7 18.a3 c5 19.Be2 cxb4 20.axb4 Rfb8 21.Qa4 Bc3 22.b5 Rc8
23.Rbc1 Bxd2 24.Rxd2 Qc5 25.Rcd1 Rd7 26.Rd4 h5 27.Qb3 Kf8 28.e5 Qxe5 29.Bf3 Rc5
30.Bc6 Rd8 31.Qd3 Kg7 32.Bf3 Rd7 33.Bc6 Rd8 34.Bf3 Rdc8 35.Rxd6 Bxc4 36.Qa3 R8c7
37.b6 axb6 38.Rxb6 Be6 39.Qb2 Qxb2 40.Rxb2 Rc4 41.Rd6 Rc1+ 42.Kh2 Kh6 43.Rbd2 Rf1
44.Bc6 Rb1 45.Be4 Re1 46.Bf3 Bb3 47.Rc6 Ra7 48.Rd4 Ra2 49.Rxf4 Rxf2 50.Kg3 Rd2
51.Rc3 Be6 52.h4 Kg7 53.Ra3 Rc1 54.Re3 Rcc2 55.Ra3 Rb2 56.Rc3 Kf8 57.Ra3 Kg7
58.Rc3 Ra2 59.Re3 Rdc2 60.Be4 Rc1 61.Bf3 Rh1 62.Re2 Ra5 63.Kf2 Raa1 64.Rb2 Rhf1+
65.Kg3 Rfc1 66.Re2 Rc3 67.Kf2 Rb1 68.Rd2 Rb5 69.Re2 Bf5 70.Rd2 Kf6 71.Rfd4 Rbc5
72.Rd6+ Be6 73.R6d4 R5c4 74.Rxc4 Rxc4 75.Kg3 Rc3 76.Kf4 Kg7 77.Rd4 f6 78.Rb4 Rc5
79.Rb7+ Kh6 80.Rb6 Rf5+ 81.Kg3 Re5 82.Kf4 Rf5+  1/2-1/2

[Event "Skopje ol (Men) prel"]
[Site "Skopje"]
[Date "1972.??.??"]
[Round "7"]
[White "Andersson, Ulf"]
[Black "Camilleri, Henry"]
[Result "1-0"]
[WhiteElo "2535"]
[BlackElo "2250"]

1.Nf3 d6 2.d4 Nf6 3.c4 g6 4.Nc3 Bg7 5.g3 O-O 6.Bg2 Nc6 7.O-O e5 8.d5 Ne7
9.e4 c5 10.Bd2 Ne8 11.a3 f5 12.exf5 Nxf5 13.Ng5 Nd4 14.b4 b6 15.bxc5 bxc5
16.Rb1 Bf5 17.Nge4 Nf6 18.Qa4 Ne2+ 19.Nxe2 Nxe4 20.Be3 Ng5 21.Rb7 Bd3 22.Re1 Qf6
23.f4 exf4 24.Nxf4 Rae8 25.Nxd3 Nf3+ 26.Bxf3 Qxf3 27.Qd7 Qf6 28.Nf4  1-0

[Event "Skopje ol (Men) fin-A"]
[Site "Skopje"]
[Date "1972.??.??"]
[Round "8"]
[White "Bobotsov, Milko G"]
[Black "Andersson, Ulf"]
[Result "1/2-1/2"]
[WhiteElo "2455"]
[BlackElo "2535"]

1.d4 Nf6 2.c4 e6 3.Nf3 Bb4+ 4.Nbd2 b6 5.e3 Bb7 6.Bd3 O-O 7.O-O c5 8.a3 Bxd2
9.Bxd2 Ne4 10.Bxe4 Bxe4 11.Bc3 d6 12.Qe2 Qe7 13.Rfd1 Nd7 14.Rd2 Rac8 15.Rad1 d5
16.cxd5 Bxd5 17.e4 Bb7 18.Ne5 cxd4 19.Bxd4 Nxe5 20.Bxe5 Qg5  1/2-1/2

[Event "Skopje ol (Men) fin-A"]
[Site "Skopje"]
[Date "1972.??.??"]
[Round "9"]
[White "Andersson, Ulf"]
[Black "Uhlmann, Wolfgang"]
[Result "0-1"]
[WhiteElo "2535"]
[BlackElo "2530"]

1.Nf3 Nf6 2.c4 g6 3.Nc3 d5 4.cxd5 Nxd5 5.Qa4+ Bd7 6.Qd4 Nf6 7.Qh4 Bg7 8.e4 h6
9.e5 Ng4 10.Qg3 Nc6 11.d4 Nb4 12.h3 Nc2+ 13.Kd1 Nxd4 14.hxg4 Ba4+ 15.Nxa4 Nf5+
16.Kc2 Nxg3 17.fxg3 Qd7 18.Nc3 O-O-O 19.Be3 g5 20.Be2 Qxg4 21.Nxg5 Qxg3 22.Nf3 Bxe5
23.Bxa7 Bxc3 24.bxc3 e5 25.Raf1 Rd5 26.Bf2 Qg6+ 27.Kc1 Qe4 28.Re1 Qa4 29.Rh4 e4
30.Nd4 f5 31.Nc2 Qxa2 32.Reh1 Rhd8 33.Be3 Qb3 34.Rxh6 Qxc3  0-1

[Event "Skopje ol (Men) fin-A"]
[Site "Skopje"]
[Date "1972.??.??"]
[Round "10"]
[White "Bednarski, Jacek B"]
[Black "Andersson, Ulf"]
[Result "1/2-1/2"]
[WhiteElo "2395"]
[BlackElo "2535"]

1.e4 g6 2.d4 Bg7 3.Nf3 d6 4.c3 Nf6 5.Bd3 Nc6 6.Nbd2 O-O 7.O-O e5 8.dxe5 Nxe5
9.Nxe5 dxe5 10.Nc4 Nh5 11.g3 Qe7 12.Qe2 Rd8 13.Rd1 Be6 14.b4 c6 15.Bc2 Rxd1+
16.Bxd1 Rd8 17.Bb3 Nf6 18.f3 Ne8 19.Be3 b6 20.Rd1 Rxd1+ 21.Qxd1 Bf8 22.Qd3 Bc8  1/2-1/2

[Event "Skopje ol (Men) fin-A"]
[Site "Skopje"]
[Date "1972.??.??"]
[Round "14"]
[White "Andersson, Ulf"]
[Black "Hamann, Svend"]
[Result "1/2-1/2"]
[WhiteElo "2535"]
[BlackElo "2490"]

1.Nf3 d5 2.b3 Nf6 3.Bb2 g6 4.c4 c6 5.e3 Bg7 6.Be2 O-O 7.O-O Bg4 8.d3 Nbd7
9.h3 Bxf3 10.Bxf3 e6 11.Nc3 a6 12.Qc2 Rc8 13.Rac1 Qc7 14.Rfd1 Rfd8 15.d4 b5
16.Ne2 Qb8 17.Bc3 Re8 18.a4 bxc4 19.bxc4 Nb6 20.c5 Nbd7 21.Ba5 e5 22.Rb1 Qa8
23.Nc3 exd4 24.exd4 Nf8 25.Qd3 N6d7 26.h4 Ne6 27.Ne2 Bf6 28.g3 Bd8 29.Bd2 Bc7
30.h5 Nf6 31.Kg2 Rb8 32.Be3 a5 33.hxg6 fxg6 34.Qd2 Rxb1 35.Rxb1 Rb8  1/2-1/2

[Event "Skopje ol (Men) fin-A"]
[Site "Skopje"]
[Date "1972.??.??"]
[Round "15"]
[White "Gligoric, Svetozar"]
[Black "Andersson, Ulf"]
[Result "1-0"]
[WhiteElo "2575"]
[BlackElo "2535"]

1.d4 Nf6 2.c4 c6 3.Nc3 d5 4.Nf3 dxc4 5.a4 Bf5 6.e3 e6 7.Bxc4 Bb4 8.O-O O-O
9.Qe2 Nbd7 10.e4 Bg6 11.Bd3 Re8 12.e5 Nd5 13.Bd2 Be7 14.Nxd5 cxd5 15.Bxg6 fxg6
16.Qb5 Nb6 17.b3 a6 18.Qd3 Nd7 19.Rfc1 Nb8 20.b4 Nd7 21.a5 Nf8 22.b5 Qd7
23.Rab1 Rec8 24.Rxc8 Qxc8 25.Qb3 Bd8 26.bxa6 Rxa6 27.Qxb7 Qxb7 28.Rxb7 Bxa5
29.Bxa5 Rxa5 30.h4 Ra4 31.g3 h6 32.Kg2 Rc4 33.Kf1 Rc8 34.Nd2 Rd8 35.Nb3 Rd7
36.Rb8 Kf7 37.Nc5 Ra7 38.Nb7 Kg8 39.Nd6 Ra4 40.Rb7 Rxd4 41.Ne8 Re4 42.Rxg7+ Kh8
43.f4 Rc4 44.Re7  1-0

[Event "Teeside"]
[Site "Teeside"]
[Date "1972.??.??"]
[Round "1"]
[White "Andersson, Ulf"]
[Black "Hecht, Hans Joachim"]
[Result "1/2-1/2"]
[WhiteElo "2535"]
[BlackElo "2470"]

1.Nf3 Nf6 2.g3 b6 3.Bg2 Bb7 4.O-O e6 5.c4 Be7 6.Nc3 O-O 7.d4 Ne4 8.Nxe4 Bxe4
9.Ne1 d5 10.Qa4 c5 11.cxd5 Bxg2 12.Nxg2 Qxd5 13.dxc5 Qxc5 14.Be3 Qc6 15.Qb3 Qb7
16.Nf4 Nd7 17.Rac1 Rac8 18.Rfd1 Rxc1 19.Rxc1 Rc8 20.Rxc8+ Qxc8 21.Qa4 a6
22.Nd3 b5 23.Qd4 Qb7 24.Bd2 Nb8 25.Bb4 Bxb4 26.Nxb4 Qc7 27.h4 h6 28.Nd3 Nd7
29.b4 Nf6 30.Qc5 Nd5 31.Qxc7 Nxc7 32.Kg2 Kf8 33.Kf3 Ke7 34.Ke4 Kd6 35.Kd4 f6
36.f4 Nd5 37.a3 Nb6 38.Nc5 Nc4 39.a4 e5+ 40.fxe5+ fxe5+ 41.Ke4 a5 42.Nb7+ Kc7
43.Nxa5 Nxa5 44.axb5 Nc4 45.Kd5 Ne3+ 46.Kxe5 Kb7 47.Kf4 Nd5+ 48.Kf5 Ne3+
49.Ke4 Nc2 50.Kf5 Nd4+ 51.Kg6 Nxe2 52.g4 Nf4+ 53.Kxg7 h5  1/2-1/2

[Event "Teeside"]
[Site "Teeside"]
[Date "1972.??.??"]
[Round "2"]
[White "Wade, Robert Graham"]
[Black "Andersson, Ulf"]
[Result "1/2-1/2"]
[WhiteElo "2365"]
[BlackElo "2535"]

1.d4 Nf6 2.c4 e6 3.Nc3 Bb4 4.e3 O-O 5.Bd3 d6 6.Ne2 c5 7.O-O Nc6 8.Qc2 d5
9.dxc5 Bxc5 10.cxd5 Nb4 11.Qb1 exd5 12.a3 Nxd3 13.Qxd3 Be6 14.b4 Bd6 15.Nd4 Rc8
16.Bb2 Re8 17.Rac1 Bb8 18.f4 a6 19.Na4 Ne4 20.Nc5 Nxc5 21.bxc5 Bd7 22.Rf3 Re4
23.Rg3 f6 24.Qb3 Bc6 25.Nf5 Rc7 26.Nd6 Re6 27.e4 Ba7 28.e5 Rxd6 29.exd6 Qxd6
30.Qe3 Re7 31.Qf2 Qe6 32.Bd4 Qf5 33.Re3 Re4 34.Rxe4 dxe4 35.Be3 Bb8 36.Rd1 Bc7
37.h3 h5 38.Qe2 Kf8 39.Qd2 Kg8 40.Qe2 Kf8 41.Qd2 Kg8  1/2-1/2

[Event "Teeside"]
[Site "Teeside"]
[Date "1972.??.??"]
[Round "3"]
[White "Andersson, Ulf"]
[Black "Gheorghiu, Florin"]
[Result "1/2-1/2"]
[WhiteElo "2535"]
[BlackElo "2530"]

1.Nf3 Nf6 2.c4 g6 3.Nc3 Bg7 4.e4 d6 5.d4 O-O 6.Be2 e5 7.O-O exd4 8.Nxd4 Re8
9.f3 Nbd7 10.Be3 c6 11.Qd2 d5 12.cxd5 cxd5 13.Ndb5 dxe4 14.fxe4 a6 15.Nd6 Re7
16.Rad1 Ne5 17.Bg5 Re6 18.Nd5 Qxd6 19.Bxf6 Qf8 20.Bxg7 Kxg7 21.Qc3 Rb8 22.Nf4 Re8
23.Rd5 Qe7 24.Nd3 f6 25.Nxe5 fxe5 26.Rc1 Bd7  1/2-1/2

[Event "Teeside"]
[Site "Teeside"]
[Date "1972.??.??"]
[Round "4"]
[White "Cafferty, Bernard"]
[Black "Andersson, Ulf"]
[Result "0-1"]
[WhiteElo "2440"]
[BlackElo "2535"]

1.c4 g6 2.Nc3 Bg7 3.d4 d6 4.Nf3 Bg4 5.e3 Nf6 6.Be2 O-O 7.O-O Na6 8.b3 c5
9.Bb2 Rb8 10.Qd2 Re8 11.Rfd1 Qa5 12.h3 Bd7 13.d5 Nc7 14.a4 Na6 15.Bd3 Rf8
16.e4 Ne8 17.e5 dxe5 18.Nb5 Qxd2 19.Rxd2 f6 20.Nxa7 Nd6 21.Re1 Bh6 22.Rde2 Nb4
23.Bb1 Ra8 24.Nb5 Bxb5 25.axb5 b6 26.Nh2 Ra7 27.Ng4 Bg7 28.f3 Rfa8 29.Nf2 Kf7
30.Rd1 Bh6 31.g3 Ra3 32.Bxa3 Rxa3 33.Rb2 Be3 34.Kg2 Bd4 35.Rdd2 Bxb2 36.Rxb2 f5
37.Nd3 Nxd3 38.Bxd3 Kf6 39.Bc2 h5 40.h4 g5 41.Bd1 g4 42.Kf2 Nb7 43.Kg2 Ra1
44.Be2 Na5 45.fxg4 hxg4 46.b4 Nb7 47.Bd3 cxb4 48.Rxb4 Ra2+ 49.Kg1 Nc5 50.Bb1 Rd2
51.Kf1 e4 52.Ke1 e3 53.Kf1 f4 54.gxf4 g3 55.Bh7 Rd1+  0-1

[Event "Teeside"]
[Site "Teeside"]
[Date "1972.??.??"]
[Round "5"]
[White "Andersson, Ulf"]
[Black "Parma, Bruno"]
[Result "1/2-1/2"]
[WhiteElo "2535"]
[BlackElo "2530"]

1.Nf3 c5 2.c4 Nc6 3.Nc3 Nf6 4.d4 cxd4 5.Nxd4 e6 6.Ndb5 d5 7.cxd5 Nxd5 8.e4 Nxc3
9.Qxd8+ Kxd8 10.Nxc3 Bc5 11.Bb5 Bd7 12.O-O a6 13.Bxc6 Bxc6 14.Re1 f6 15.Be3 Bb4  1/2-1/2

[Event "Teeside"]
[Site "Teeside"]
[Date "1972.??.??"]
[Round "8"]
[White "Keene, Raymond D"]
[Black "Andersson, Ulf"]
[Result "1/2-1/2"]
[WhiteElo "2465"]
[BlackElo "2535"]

1.Nf3 c5 2.b3 d5 3.e3 Nf6 4.Bb2 e6 5.d4 Nc6 6.Bd3 Be7 7.O-O O-O 8.Nbd2 b6
9.a3 Bb7 10.Qe2 a5 11.Ne5 a4 12.Bb5 Na7 13.bxa4 c4 14.Nb1 Ne4 15.f3 Nd6 16.Nc3 f6
17.Ng4 Nf5 18.Rfd1 Qc7 19.Kh1 h5 20.e4 Nd6 21.Nf2 Nf7 22.exd5 exd5 23.Qe6 Rfd8
24.Qh3 g6 25.Qg3 Qxg3 26.hxg3 Bd6 27.g4 Kg7 28.Kg1 hxg4 29.Nxg4 Bg3 30.Ne2 Bc7
31.Re1 Bc8 32.Nc3  1/2-1/2

[Event "Teeside"]
[Site "Teeside"]
[Date "1972.??.??"]
[Round "9"]
[White "Andersson, Ulf"]
[Black "Ree, Hans"]
[Result "1-0"]
[WhiteElo "2535"]
[BlackElo "2430"]

1.Nf3 Nf6 2.c4 c5 3.Nc3 g6 4.d4 cxd4 5.Nxd4 Nc6 6.e4 d6 7.f3 Nxd4 8.Qxd4 Bg7
9.Be3 O-O 10.Qd2 Be6 11.Rc1 Qa5 12.Nd5 Qxa2 13.Nxe7+ Kh8 14.Be2 Ng8 15.Nxg8 Kxg8
16.Bd4 Bxd4 17.Qxd4 Qa5+ 18.Kf2 Qe5 19.Rcd1 Rfc8 20.b3 Rc6 21.Qe3 Rb6 22.Rd3 h5
23.f4 Qc5 24.h3 Qxe3+ 25.Rxe3 f6 26.Rd1 a5 27.Rg3 Kh7 28.f5 gxf5 29.exf5 Bf7
30.Rd4 Rg8 31.Rgd3 Rd8 32.Rh4 a4 33.Bxh5 Rxb3 34.Bd1+  1-0

[Event "Teeside"]
[Site "Teeside"]
[Date "1972.??.??"]
[Round "11"]
[White "Andersson, Ulf"]
[Black "Bilek, Istvan"]
[Result "1-0"]
[WhiteElo "2535"]
[BlackElo "2485"]

1.e4 c5 2.Nf3 Nc6 3.d4 cxd4 4.Nxd4 Nf6 5.Nc3 g6 6.Nxc6 bxc6 7.e5 Ng8 8.Bc4 Bg7
9.Qf3 f5 10.Bf4 Rb8 11.O-O e6 12.Rad1 Qc7 13.Rfe1 Ne7 14.b3 O-O 15.Qe3 Qa5
16.h4 Rf7 17.a3 Qb6 18.Qc1 Nd5 19.Nxd5 cxd5 20.Bd3 Ba6 21.h5 gxh5 22.Bxa6 Qxa6
23.Rd3 Rc8 24.Rh3 Qc6 25.Qd1 h4 26.Qh5 Qxc2 27.Qxh4 Kf8 28.Rg3 Ke8 29.Qh5 Bf8
30.Rg8 Qc3 31.Rf1 Qxb3 32.Bh6 Qxa3 33.Bxf8 Qxf8 34.Rxf8+ Kxf8 35.Ra1 Ra8
36.Ra6 Kg8 37.Qd1 Kh8 38.Qb3 Rg8 39.Kf1 f4 40.Rxa7 f3 41.gxf3 h5 42.Qa4 Rgg7
43.Qh4 Rf5 44.f4 Kh7 45.Ke2  1-0

[Event "Teeside"]
[Site "Teeside"]
[Date "1972.??.??"]
[Round "12"]
[White "Gligoric, Svetozar"]
[Black "Andersson, Ulf"]
[Result "1/2-1/2"]
[WhiteElo "2600"]
[BlackElo "2535"]

1.d4 Nf6 2.c4 g6 3.Nc3 Bg7 4.e4 d6 5.f3 e5 6.Nge2 O-O 7.Bg5 Nbd7 8.Qd2 c6
9.d5 cxd5 10.cxd5 a6 11.g4 h6 12.Be3 h5 13.g5 Nh7 14.O-O-O b5 15.Ng1 Nb6
16.Bd3 Bd7 17.Kb1 Rc8 18.h4 Nc4 19.Bxc4 Rxc4 20.Nce2 a5 21.Rc1 Rxc1+ 22.Nxc1 Qa8
23.Nd3 Qa6 24.Nh3 b4 25.Nhf2 Bb5 26.f4 exf4  1/2-1/2

[Event "Teeside"]
[Site "Teeside"]
[Date "1972.??.??"]
[Round "13"]
[White "Andersson, Ulf"]
[Black "Tringov, Georgi P"]
[Result "1/2-1/2"]
[WhiteElo "2535"]
[BlackElo "2490"]

1.e4 c5 2.Nf3 d6 3.d4 cxd4 4.Nxd4 Nf6 5.Nc3 a6 6.Be2 Nbd7 7.f4 g6 8.O-O Bg7
9.a4 b6 10.Bf3 e5 11.Nb3 Qc7 12.f5 Bb7 13.g4 h6 14.fxg6 fxg6 15.g5 hxg5 16.Bxg5 O-O
17.Qd3 Nc5 18.Nxc5 dxc5 19.Qc4+ Kh8 20.Rad1 Nh7 21.Be3 Rf7 22.Bg4 Rxf1+ 23.Rxf1 Rf8
24.a5 Rxf1+ 25.Kxf1 bxa5 26.Qxc5 Qf7+ 27.Kg2 Nf6 28.Bf3 Nh5 29.Qxa5 Nf4+
30.Bxf4 exf4 31.Qd8+ Kh7 32.Qh4+ Kg8 33.Qd8+ Kh7 34.Qh4+ Kg8 35.Nd5 Bxd5
36.exd5 Qf5 37.Qd8+ Kh7 38.Qh4+ Kg8 39.Qd8+ Kh7 40.Qc7 Qe5 41.Qxe5 Bxe5 42.c3 Kg7
43.Be2 a5 44.Kf3 Kf6 45.Ke4 a4 46.h4 a3 47.bxa3 Bxc3 48.Kxf4 Bd2+ 49.Kg4 Ke5
50.Bf3 Bc1 51.a4 Bb2 52.Bg2 Kf6 53.Be4 Bc3 54.Bc2 Bd2 55.Bd3 Bb4 56.Bb1 Bd2
57.Bc2 Bb4 58.Kf4 Be1 59.Bb3 Bd2+ 60.Kg4 Ke5 61.Ba2 Bb4 62.Kg5 Be7+ 63.Kxg6 Bxh4
64.Kf7 Kd6 65.a5 Bd8 66.a6 Bb6 67.Ke8 Kc7 68.Ke7 Bc5+ 69.Ke6 Kb6  1/2-1/2

[Event "Teeside"]
[Site "Teeside"]
[Date "1972.??.??"]
[Round "14"]
[White "Sax, Gyula"]
[Black "Andersson, Ulf"]
[Result "1/2-1/2"]
[WhiteElo "2400"]
[BlackElo "2535"]

1.e4 g6 2.d4 Bg7 3.Nc3 d6 4.f4 c6 5.Be3 Qb6 6.Rb1 e5 7.Nf3 Bg4 8.fxe5 dxe5
9.Qd2 Bxf3 10.dxe5 Qc7 11.gxf3 Bxe5 12.Bc4 Nd7 13.f4 Bg7 14.Rd1 Nb6 15.Bb3 Nf6
16.e5 Nfd5 17.Nxd5 Nxd5 18.Bxd5 cxd5 19.Qxd5 O-O 20.Rd2 Rfe8 21.O-O Rad8
22.Qb5 a6 23.Qa4 Qc8 24.Rg2 Rd5 25.c3 Bf8 26.Qe4 Qe6 27.Bd4 f5 28.Qf3 Be7
29.b3 Red8 30.Rd1 b5 31.Rgd2 Kf7 32.Kg2 h6 33.Qe3 Qc6 34.Qf3 Qe6 35.Be3 Rxd2+
36.Rxd2 Rxd2+ 37.Bxd2 Qd7 38.Be1 g5 39.c4 bxc4 40.bxc4 Ke6 41.Qa8 gxf4 42.Qxa6+ Kxe5
43.Qb5+ Ke6 44.Qxd7+ Kxd7 45.Kf3 Kc6 46.Bf2 h5 47.h3 Bd6 48.a4 Bc7 49.Bd4 Kb7
50.Bc5 Ka6 51.Bb4 Kb6 52.Be1 Bd6 53.Bd2 Kc5 54.a5 Kc6 55.Bb4 Kb7 56.Bd2 Bc7
57.Bb4 Ka6 58.Bc3 Bd6 59.Be1 Be5 60.Bd2 Bc7 61.Bc1 Kb7 62.Bb2 Ka6  1/2-1/2

[Event "Teeside"]
[Site "Teeside"]
[Date "1972.??.??"]
[Round "15"]
[White "Andersson, Ulf"]
[Black "Bellin, Robert"]
[Result "1-0"]
[WhiteElo "2535"]
[BlackElo "2315"]

1.e4 e5 2.Nf3 Nc6 3.Bb5 Bc5 4.c3 f5 5.d4 fxe4 6.Nxe5 Nxe5 7.dxe5 e3 8.O-O exf2+
9.Kh1 c6 10.Bc4 Qh4 11.Qe2 Ne7 12.Nd2 b5 13.Bd3 O-O 14.Nf3 Qh5 15.Be3 Bxe3
16.Qxe3 Nd5 17.Qxf2 d6 18.exd6 Bg4 19.Be4 Rf6 20.Qg3 Ne3 21.Rfe1 Bxf3 22.Bxf3 Rxf3
23.gxf3 Nf5 24.Qf4 Rf8 25.d7 g5 26.Qxf5 Rxf5 27.d8=Q+ Rf8 28.Qd3  1-0

[Event "FRG-ch International"]
[Site "Dortmund"]
[Date "1973.??.??"]
[Round "1"]
[White "Gerusel, Mathias"]
[Black "Andersson, Ulf"]
[Result "0-1"]
[WhiteElo "2415"]
[BlackElo "2535"]

1.d4 Nf6 2.c4 e6 3.Nc3 Bb4 4.Qc2 c5 5.dxc5 O-O 6.Bf4 Na6 7.a3 Bxc3+ 8.Qxc3 Ne4
9.Qc2 Qa5+ 10.Bd2 Nxd2 11.Qxd2 Qxd2+ 12.Kxd2 Nxc5 13.Rd1 a5 14.Kc2 Rd8 15.b3 d5
16.e3 b6 17.f3 Ba6 18.Nh3 Rac8 19.Kb2 dxc4 20.Bxc4 Bxc4 21.bxc4 Nd3+ 22.Kb3 h6
23.Nf4 Ne5 24.Rxd8+ Rxd8 25.Rc1 g5 26.Nh5 Kh7 27.Nf6+ Kg7 28.Ne4 f5 29.Nc3 Rd3
30.Rd1 a4+ 31.Kb4 Nc6+ 32.Kb5 Rxc3 33.Kxc6 Rxc4+ 34.Kxb6 Rc3 35.Ra1 Rxe3
36.Ra2 Re5 37.Rc2 Kf6 38.Rb2 h5 39.h3 h4 40.Rd2 Re3 41.Ra2 e5 42.Kb5 e4 43.Kxa4  0-1

[Event "FRG-ch International"]
[Site "Dortmund"]
[Date "1973.??.??"]
[Round "2"]
[White "Andersson, Ulf"]
[Black "Popov, Luben"]
[Result "1/2-1/2"]
[WhiteElo "2535"]
[BlackElo "2450"]

1.e4 c5 2.Nf3 e6 3.Nc3 a6 4.g3 b5 5.Bg2 Bb7 6.d3 d6 7.O-O Nf6 8.e5 dxe5 9.Nxe5 Bxg2
10.Kxg2 Nbd7 11.Bf4 Nxe5 12.Bxe5 Be7 13.Qf3 O-O 14.Rfe1 Nd7 15.Bf4 Bf6 16.Rab1 Bxc3  1/2-1/2

[Event "FRG-ch International"]
[Site "Dortmund"]
[Date "1973.??.??"]
[Round "3"]
[White "Ciocaltea, Victor"]
[Black "Andersson, Ulf"]
[Result "1/2-1/2"]
[WhiteElo "2470"]
[BlackElo "2535"]

1.e4 e6 2.d4 d5 3.Nc3 Bb4 4.e5 b6 5.a3 Bf8 6.f4 Ne7 7.Nf3 c6 8.Be3 Ba6 9.Bxa6 Nxa6
10.Qd3 Nc7 11.Bf2 Qd7 12.O-O h5 13.b3 Nf5 14.Na4 Be7 15.Rfd1 h4 16.Qe2 Rg8
17.Ng5 Rh8  1/2-1/2

[Event "FRG-ch International"]
[Site "Dortmund"]
[Date "1973.??.??"]
[Round "4"]
[White "Andersson, Ulf"]
[Black "Keene, Raymond D"]
[Result "1/2-1/2"]
[WhiteElo "2535"]
[BlackElo "2435"]

1.Nf3 g6 2.e4 Bg7 3.d4 d6 4.Be2 Nf6 5.Nc3 O-O 6.O-O c6 7.Re1 Qc7 8.Bf4 Nh5
9.Be3 Nd7 10.Qd2 b5 11.a3 a6 12.Rad1 Nhf6 13.Bh6 e5 14.dxe5 dxe5 15.h3 Re8
16.Bf1 Bb7 17.Nh4 Nf8 18.Bxg7 Kxg7 19.Qg5 Bc8 20.Nf5+ Bxf5 21.exf5 e4 22.fxg6 hxg6
23.Qh4 Qe5 24.Re3 Ra7 25.Rde1 Rae7 26.f3 Qd4 27.Qf2 a5 28.fxe4 b4 29.e5 N6d7
30.axb4 axb4 31.Nd1 Nxe5  1/2-1/2

[Event "FRG-ch International"]
[Site "Dortmund"]
[Date "1973.??.??"]
[Round "6"]
[White "Andersson, Ulf"]
[Black "Hecht, Hans Joachim"]
[Result "1/2-1/2"]
[WhiteElo "2535"]
[BlackElo "2485"]

1.Nf3 g6 2.e4 c5 3.c4 Bg7 4.d4 cxd4 5.Nxd4 Nc6 6.Be3 Nf6 7.Nc3 Ng4 8.Qxg4 Nxd4
9.Qd1 Ne6 10.Qd2 d6 11.Rc1 Bd7 12.Be2 Qa5 13.O-O Nc5 14.f3 Na4 15.Nd5 Qxd2
16.Bxd2 Bxb2 17.Nc7+ Kd8 18.Nxa8 Bxc1 19.Rxc1 Bc6  1/2-1/2

[Event "FRG-ch International"]
[Site "Dortmund"]
[Date "1973.??.??"]
[Round "7"]
[White "Marovic, Drazen"]
[Black "Andersson, Ulf"]
[Result "1/2-1/2"]
[WhiteElo "2465"]
[BlackElo "2535"]

1.c4 c5 2.Nf3 g6 3.d4 cxd4 4.Nxd4 Nf6 5.Nc3 Nc6 6.e4 d6 7.f3 Nxd4 8.Qxd4 Bg7
9.Be3 O-O 10.Qd2 Be6 11.Rc1 Qa5 12.Be2 Rfc8 13.b3 a6 14.Nd5 Qxd2+  1/2-1/2

[Event "FRG-ch International"]
[Site "Dortmund"]
[Date "1973.??.??"]
[Round "9"]
[White "Parma, Bruno"]
[Black "Andersson, Ulf"]
[Result "1/2-1/2"]
[WhiteElo "2510"]
[BlackElo "2535"]

1.e4 c6 2.d4 d5 3.Nc3 dxe4 4.Nxe4 Nf6 5.Nxf6+ exf6 6.Bc4 Qe7+ 7.Qe2 Bg4 8.f3 Be6
9.Bxe6 Qxe6 10.Bf4 Na6 11.O-O-O O-O-O 12.Qxe6+ fxe6 13.Ne2 Bd6 14.Bxd6 Rxd6
15.c3  1/2-1/2

[Event "FRG-ch International"]
[Site "Dortmund"]
[Date "1973.??.??"]
[Round "12"]
[White "Andersson, Ulf"]
[Black "Dueball, Juergen"]
[Result "1/2-1/2"]
[WhiteElo "2535"]
[BlackElo "2425"]

1.Nf3 Nf6 2.c4 g6 3.Nc3 Bg7 4.g3 O-O 5.Bg2 d6 6.O-O Nc6 7.d3 e5 8.Rb1 h6
9.b4 Be6 10.b5 Ne7 11.Bd2 Qd7 12.Qb3 Bh3 13.a4 Kh7 14.a5 Bxg2 15.Kxg2 Nh5
16.Nd5 f5 17.e4 Rf7 18.Nxe7 Qxe7 19.exf5 Rxf5 20.Rbe1 Raf8 21.Ng1 Nf6 22.Qd1 h5
23.Qe2 b6  1/2-1/2

[Event "FRG-ch International"]
[Site "Dortmund"]
[Date "1973.??.??"]
[Round "13"]
[White "Spassky, Boris V"]
[Black "Andersson, Ulf"]
[Result "1/2-1/2"]
[WhiteElo "2660"]
[BlackElo "2535"]

1.e4 e6 2.d4 d5 3.Nc3 Bb4 4.e5 b6 5.Qg4 Bf8 6.Nf3 Qd7 7.h4 h5 8.Qf4 Ba6 9.Bxa6 Nxa6
10.Qe3 c5 11.Qe2 Nc7 12.Bg5 Ne7 13.Bxe7 Bxe7 14.Qd2 Rc8 15.Ne2 Nb5 16.c3 a5
17.O-O Na7 18.Kh2 Nc6 19.Rg1 c4 20.g4 g6 21.Nf4 hxg4 22.Rxg4 Kd8 23.Kg2 Kc7
24.b3 cxb3 25.axb3 Kb7 26.Qd3 Rh7  1/2-1/2

[Event "Madrid"]
[Site "Madrid"]
[Date "1973.??.??"]
[Round "6"]
[White "Andersson, Ulf"]
[Black "Uhlmann, Wolfgang"]
[Result "1/2-1/2"]
[WhiteElo "2555"]
[BlackElo "2560"]

1.c4 e5 2.Nc3 Nc6 3.g3 f5 4.Bg2 Nf6 5.d3 g6 6.e3 Bg7 7.Nge2 O-O 8.Qd2 d6
9.b3 Nh5 10.f4 exf4 11.exf4 Nd4 12.Bb2 Re8 13.O-O-O c6 14.Nxd4 Bxd4 15.Rhe1 Bd7
16.Rxe8+ Qxe8 17.Re1 Qf8 18.Nd1 Bxb2+ 19.Qxb2 Qf6 20.Bf3 Qxb2+ 21.Kxb2 Nf6
22.Kc3 Kf7 23.Nf2 a5 24.a3 Re8 25.Rxe8 Kxe8 26.b4 axb4+ 27.axb4 Be6 28.Nd1 Kd7
29.Nb2 Kc7 30.Kd4 b6 31.Na4 Nd7 32.Kc3 Nf6 33.Nb2 Bf7 34.Nd1 Be6 35.Ne3 Bf7
36.h3 Be6 37.Kd2 d5 38.c5 bxc5 39.bxc5 Nd7 40.d4 Nf6 41.g4 fxg4 42.hxg4 h6
43.Be2 Kd8 44.Ke1 Ke7 45.Bf3 g5  1/2-1/2